| 000 | 00583nam a22001937a 4500 | ||
|---|---|---|---|
| 003 | OSt | ||
| 005 | 20260310013919.0 | ||
| 008 | 260310b |||||||| |||| 00| 0 eng d | ||
| 020 | _a0-03-001547-2. | ||
| 040 |
_aDWCL Main lib _cOC |
||
| 082 |
_22nd ed. _aCirc. 530 S492 1997 |
||
| 100 | _aSerway, Raymond A. | ||
| 245 |
_aModern physics _cRaymond A. Serway |
||
| 250 | _a2nd ed. | ||
| 260 |
_aOrlando : _bSaunders College Publishing, _cc1997. |
||
| 300 |
_axxiii, 666, A-27, I-16 p. : _bill. ; _c26 cm. + _e1 Disk. |
||
| 650 | _aPhysics. | ||
| 942 |
_2ddc _cBK-CIRC _e2nd ed. _kCirc. _n0 |
||
| 999 |
_c8814 _d8814 |
||